BSOP header

Therapeutic exercise I / (Record no. 4990)

MARC details
000 -LEADER
fixed length control field 00649nam a2200205 4500
008 - FIXED-LENGTH DATA ELEMENTS--GENERAL INFORMATION
fixed length control field 011121s1994 ph engMA
090 ## - LOCALLY ASSIGNED LC-TYPE CALL NUMBER (OCLC); LOCAL CALL NUMBER (OCLC)
Classification number (OCLC) (R) ; Classification number, CALL (RLIN) (NR) RC725
Local cutter number (OCLC) ; Book number/undivided call number, CALL (RLIN) R33t
100 1# - MAIN ENTRY--PERSONAL NAME
Personal name Reyes, Tyrone M.
245 10 - TITLE STATEMENT
Title Therapeutic exercise I /
Statement of responsibility, etc Tyrone M. Reyes, Ofelia B. Luna-Reyes.
250 ## - EDITION STATEMENT
Edition statement rep.
260 ## - PUBLICATION, DISTRIBUTION, ETC. (IMPRINT)
Place of publication, distribution, etc Manila :
Name of publisher, distributor, etc UST,
Date of publication, distribution, etc c1994.
300 ## - PHYSICAL DESCRIPTION
Extent [v], 329 p. :
Other physical details ills.
490 1# - SERIES STATEMENT
Series statement Philippine physical therapy textbook series
505 0# - FORMATTED CONTENTS NOTE
Formatted contents note vol. V
650 #4 - SUBJECT ADDED ENTRY--TOPICAL TERM
Topical term or geographic name as entry element Exercise therapy.
650 #4 - SUBJECT ADDED ENTRY--TOPICAL TERM
Topical term or geographic name as entry element Therapeutics, Physiological.
951 ## - EQUIVALENCE OR CROSS-REFERENCE-GEOGRAPHIC NAME/AREA NAME [OBSOLETE] [CAN/MARC only]
General subdivision 00016319
700 1# - ADDED ENTRY--PERSONAL NAME
Personal name Luna-Reyes, Ofelia B.
951 ## - EQUIVALENCE OR CROSS-REFERENCE-GEOGRAPHIC NAME/AREA NAME [OBSOLETE] [CAN/MARC only]
-- 21294
-- RC725/R33t
-- 070613111020296
-- 2000-12-21
-- FIL
Holdings
Withdrawn status Lost status Damaged status Not for loan Home library Current library Shelving location Date acquired Accession number Shelving control number Total Checkouts Full call number Barcode Date last seen Price effective from Koha item type
        BSOP Library BSOP Library Filipiniana 12/21/2000 21294 127   RC725/R33t 00016319 02/23/2013 02/23/2013 Books
BSOP

Biblical Seminary of the Philippines
  All rights Reserved
  © 2024

CONTACT INFORMATION

Biblical Seminary of the Philippines,
  77-B Karuhatan Road, Valenzuela City,
  PHILIPPINES 1441
  Phone: +632 8292-6795 / 8292-6798
  Fax : +632 8292-6675
  Email: library@bsop.edu.ph